000 00578nam a22002052 4500
001 0000020261
005 20151217152211.0
008 110906s xx 000 0 eng d
020 _a8123917900 :
040 _aKABU
_cKABU
100 1 _aRazdan, Balkishen.
_@0000180375
245 1 0 _aMedicinal chemistry /
_cBalkishen Razdan.
250 _a1st ed.
260 _aNew Delhi :
_bCBS,
_c2010.
300 _axii, 828 p.
650 0 _aPharmaceutical chemistry.
_@0000155930
852 1 _9p1000 KES
908 _a110906
950 _@1
999 _c9243
_d9243